Mapas de las misiones dominicanas en Extremo Oriente, de la Provincia del Santísimo Rosario de Filipinas (Registro nro. 193560)

Detalles MARC
000 -LEADER
campo de control de longitud fija 01703nam a2200397 i 4500
001 - NÚMERO DE CONTROL
campo de control 193560
003 - IDENTIFICADOR DE NÚMERO DE CONTROL
campo de control SpMaBN
005 - FECHA Y HORA DE LA ÚLTIMA TRANSACCIÓN
campo de control 20251030143216.0
007 - CAMPO FIJO DE DESCRIPCIÓN FÍSICA--INFORMACIÓN GENERAL
campo de control de longitud fija ta
008 - DATOS DE LONGITUD FIJA--INFORMACIÓN GENERAL
campo de control de longitud fija 240115s1924 sp a | |||| 000 0 spa
016 7# - NÚMERO DE CONTROL DE UNA AGENCIA BIBLIOGRÁFICA NACIONAL
Número de control del registro bimoBNE19993918236
Número de control cancelado/no válido IND9300552967
Fuente SpMaBN
035 ## - NÚMERO DE CONTROL DEL SISTEMA
Número de control de sistema (OCoLC)776476258
035 ## - NÚMERO DE CONTROL DEL SISTEMA
Número de control de sistema bimo0001141025
040 ## - FUENTE DE CATALOGACIÓN
Centro catalogador/agencia de origen SpMaBN
Lengua de catalogación spa
Centro/agencia transcriptor A2
Centro/agencia modificador SpMaBN
Normas de descripción ES-MaACL
080 ## - NÚMERO DE LA CLASIFICACIÓN DECIMAL UNIVERSAL
Número de la Clasificación Decimal Universal (599)
080 ## - NÚMERO DE LA CLASIFICACIÓN DECIMAL UNIVERSAL
Número de la Clasificación Decimal Universal 271.2(5-11)(084.3)
080 ## - NÚMERO DE LA CLASIFICACIÓN DECIMAL UNIVERSAL
Número de la Clasificación Decimal Universal 271.2(599)(084.3)
080 ## - NÚMERO DE LA CLASIFICACIÓN DECIMAL UNIVERSAL
Número de la Clasificación Decimal Universal 271.2-9(084.3)
245 00 - MENCIÓN DEL TÍTULO
Título Mapas de las misiones dominicanas en Extremo Oriente, de la Provincia del Santísimo Rosario de Filipinas
260 ## - PUBLICACIÓN, DISTRIBUCIÓN, ETC.
Lugar de publicación, distribución, etc. Madrid :
Nombre del editor, distribuidor, etc. [s.n.],
Fecha de publicación, distribución, etc. 1924
Fabricante (Blass, S.A.)
300 ## - DESCRIPCIÓN FÍSICA
Extensión 57 p., VIII h. de mapas col. ;
Dimensiones Fol. (35 cm)
336 ## - TIPO DE CONTENIDO
Fuente rdacontent
Término de tipo de contenido Texto
337 ## - TIPO DE MEDIO
Fuente rdamedia
Nombre/término del tipo de medio sin mediación
338 ## - TIPO DE SOPORTE
Fuente rdacarrier
Nombre/término del tipo de soporte volumen
610 27 - PUNTO DE ACCESO ADICIONAL DE MATERIA--NOMBRE DE ENTIDAD CORPORATIVA
Nombre de entidad corporativa o nombre de jurisdicción como elemento de entrada Dominicos-
Subdivisión general Misiones-
Subdivisión de forma Mapas
9 (RLIN) 160411
610 27 - PUNTO DE ACCESO ADICIONAL DE MATERIA--NOMBRE DE ENTIDAD CORPORATIVA
Nombre de entidad corporativa o nombre de jurisdicción como elemento de entrada Dominicos-
Subdivisión geográfica Filipinas-
Subdivisión de forma Mapas
9 (RLIN) 160412
610 27 - PUNTO DE ACCESO ADICIONAL DE MATERIA--NOMBRE DE ENTIDAD CORPORATIVA
Nombre de entidad corporativa o nombre de jurisdicción como elemento de entrada Dominicos-
Subdivisión geográfica Asia oriental-
Subdivisión de forma Mapas
9 (RLIN) 160413
610 27 - PUNTO DE ACCESO ADICIONAL DE MATERIA--NOMBRE DE ENTIDAD CORPORATIVA
Nombre de entidad corporativa o nombre de jurisdicción como elemento de entrada Dominicos.
Unidad subordinada Provincia del Santísimo Rosario
9 (RLIN) 160414
655 #4 - TERMINO DE INDIZACIÓN--GENERO/FORMA
Datos o término principal de género/forma Mapas topográficos-
Subdivisión cronológica S. XX
9 (RLIN) 234864
852 ## - LOCALIZACIÓN
Ubicación ES-MaACL
Sublocalización o colección R.M.3
-- R.4525
Ubicación en estantería Sala Valle Inclán
Número de control de estantería D-3
Marcas de propiedad Sello en tinta rectangular: "Ateneo de Madrid. Biblioteca"
Anotaciones manuscritas Anotación manuscrita en portada: "Al Ateneo de Madrid. Dr. Enrique Pacheco y de Leyva"
Donativo/Legado Donación: Enrique Pacheco y Leyva
Nota libre Control: 15-01-2024
itemnumber 100801
856 4# - LOCALIZACIÓN Y ACCESO ELECTRÓNICOS
Identificador Uniforme de Recursos <a href="http://bdh-rd.bne.es/viewer.vm?id=0000048623&page=1">http://bdh-rd.bne.es/viewer.vm?id=0000048623&page=1</a>
Texto de enlace (Biblioteca Digital Hispánica)
903 ## - NOMBRE PERSONAL DE DONANTE
a Pacheco y de Leyva, Enrique,
d 1878-1924
e Donante
q 1
9 88141
942 ## - ELEMENTOS DE ENTRADA SECUNDARIOS (KOHA)
Suprimir en OPAC No
Tipo de ítem Koha Libro impreso
Existencias
Estatus retirado Estado de pérdida Fuente del sistema de clasificación o colocación Estado de daño No para préstamo Colección Biblioteca de origen Biblioteca actual Ubicación en estantería Fecha de adquisición Fuente de adquisición Número de inventario Total de préstamos Signatura topográfica completa Código de barras Visto por última vez Precio de reemplazo Tipo de ítem Koha Nota pública
    Clasificación decimal universal     Libros con dedicatorias Biblioteca del Ateneo de Madrid Biblioteca del Ateneo de Madrid Sala Valle Inclán 17/01/2008 Donación R.M.3   D-3 901101481 23/02/2023 23/02/2023 Libro impreso D-3. -- R. 4525.-- Sello en tinta en portada: "Biblioteca Ateneo de Madrid. 6 SET 1924". -- Anotación manuscrita en portada: "Al Ateneo de Madrid Dr. Enrique Pacheco y de Leyva. [rubricado]. Sept. 1924"